| 000 | 00535nam a2200217Ia 4500 | ||
|---|---|---|---|
| 005 | 20140403083726.0 | ||
| 008 | 140130s9999 xx 000 0 und d | ||
| 020 | _a9780439686167 | ||
| 050 |
_aPZ 7 _b.P38448 2004 |
||
| 100 |
_aPenn, Audrey _931384 |
||
| 245 |
_cAudrey Penn. _aA Pocket Full of kisses / |
||
| 260 |
_bScholastic, _c2004. _aUSA : |
||
| 300 |
_a30 p. : _bcol. ill. ; _c27 cm. |
||
| 440 | _v1 | ||
| 521 | _aG6 | ||
| 526 | _c830 | ||
| 942 |
_cBK _2lcc |
||
| 999 |
_c41196 _d41196 |
||